000 00301nam a2200133Ia 4500
008 191201s2012 xx 000 0 und d
082 _a658.87
_bBAR
100 _aBAJAJ, Chetan
245 0 _aRetail Management
260 _aN. Delhi
_bOxford
_c2012
300 _a772
650 _aBBA
942 _2ddc
_cBK
999 _c5946
_d5946